<?xml version="1.0" encoding="UTF-8"?>
<collection xmlns="http://www.loc.gov/MARC21/slim">
 <record>
  <leader>01697nam a2200325 a 4500</leader>
  <controlfield tag="001">13769959</controlfield>
  <controlfield tag="003">BD-DhAAL</controlfield>
  <controlfield tag="008">091025s2003    bg       bs   001 0 eng d</controlfield>
  <datafield tag="999" ind1=" " ind2=" ">
   <subfield code="c">7613</subfield>
   <subfield code="d">7613</subfield>
  </datafield>
  <datafield tag="010" ind1=" " ind2=" ">
   <subfield code="a">\\2004329913</subfield>
  </datafield>
  <datafield tag="020" ind1=" " ind2=" ">
   <subfield code="a">9843208153</subfield>
  </datafield>
  <datafield tag="040" ind1=" " ind2=" ">
   <subfield code="a">DLC</subfield>
   <subfield code="c">DLC</subfield>
   <subfield code="d">DLC</subfield>
   <subfield code="d">BD-DhAAL</subfield>
  </datafield>
  <datafield tag="082" ind1="0" ind2="0">
   <subfield code="a">347.5492</subfield>
   <subfield code="2">22</subfield>
  </datafield>
  <datafield tag="100" ind1="1" ind2=" ">
   <subfield code="a">Hoque, Kazi Ebadul</subfield>
   <subfield code="d">1936-</subfield>
   <subfield code="9">47369</subfield>
  </datafield>
  <datafield tag="245" ind1="1" ind2="0">
   <subfield code="a">Administration of justice in Bangladesh /</subfield>
   <subfield code="c">Kazi Ebadul Hoque.</subfield>
  </datafield>
  <datafield tag="250" ind1=" " ind2=" ">
   <subfield code="a">Second edition</subfield>
  </datafield>
  <datafield tag="260" ind1=" " ind2=" ">
   <subfield code="a">Dhaka :</subfield>
   <subfield code="b">Asiatic Society of Bangladesh,</subfield>
   <subfield code="c">2006</subfield>
  </datafield>
  <datafield tag="300" ind1=" " ind2=" ">
   <subfield code="a">ix, 314 p. ,</subfield>
   <subfield code="a">xii, 420 pages ;</subfield>
   <subfield code="c">24 cm.</subfield>
  </datafield>
  <datafield tag="504" ind1=" " ind2=" ">
   <subfield code="a">Includes bibliographical references (p. [303]-306) and index.</subfield>
  </datafield>
  <datafield tag="541" ind1="1" ind2=" ">
   <subfield code="a">Donated By Akbar Ali Khan (38212)</subfield>
   <subfield code="e">00010174, 38212</subfield>
  </datafield>
  <datafield tag="650" ind1=" " ind2="0">
   <subfield code="a">Justice, Administration of</subfield>
   <subfield code="z">Bangladesh.</subfield>
   <subfield code="9">47370</subfield>
  </datafield>
  <datafield tag="650" ind1=" " ind2="0">
   <subfield code="a">Courts</subfield>
   <subfield code="z">Bangladesh.</subfield>
   <subfield code="9">47371</subfield>
  </datafield>
  <datafield tag="650" ind1=" " ind2="0">
   <subfield code="a">Judicial statistics</subfield>
   <subfield code="z">Bangladesh.</subfield>
   <subfield code="9">47372</subfield>
  </datafield>
  <datafield tag="710" ind1="2" ind2=" ">
   <subfield code="a">Asiatic Society of Bangladesh.</subfield>
   <subfield code="9">47373</subfield>
  </datafield>
  <datafield tag="852" ind1="4" ind2=" ">
   <subfield code="a">Ayesha Abed Library</subfield>
   <subfield code="j">General shelf</subfield>
  </datafield>
  <datafield tag="942" ind1=" " ind2=" ">
   <subfield code="2">ddc</subfield>
   <subfield code="c">BK</subfield>
  </datafield>
  <datafield tag="952" ind1=" " ind2=" ">
   <subfield code="0">0</subfield>
   <subfield code="1">0</subfield>
   <subfield code="2">ddc</subfield>
   <subfield code="4">0</subfield>
   <subfield code="6">347_549200000000000_HOQ_2003</subfield>
   <subfield code="7">0</subfield>
   <subfield code="9">8310</subfield>
   <subfield code="a">BRACUL</subfield>
   <subfield code="b">BRACUL</subfield>
   <subfield code="c">GEN</subfield>
   <subfield code="d">2010-02-18</subfield>
   <subfield code="l">1</subfield>
   <subfield code="m">6</subfield>
   <subfield code="o">347.5492 HOQ</subfield>
   <subfield code="p">3010010174</subfield>
   <subfield code="r">2024-11-12</subfield>
   <subfield code="s">2024-09-18</subfield>
   <subfield code="t">1</subfield>
   <subfield code="w">2010-02-18</subfield>
   <subfield code="y">BK</subfield>
  </datafield>
  <datafield tag="952" ind1=" " ind2=" ">
   <subfield code="0">0</subfield>
   <subfield code="1">0</subfield>
   <subfield code="2">ddc</subfield>
   <subfield code="4">0</subfield>
   <subfield code="6">347_549200000000000_HOQ_2003</subfield>
   <subfield code="7">0</subfield>
   <subfield code="9">8995</subfield>
   <subfield code="a">BRACUL</subfield>
   <subfield code="b">BRACUL</subfield>
   <subfield code="c">GEN</subfield>
   <subfield code="d">2010-04-06</subfield>
   <subfield code="l">8</subfield>
   <subfield code="m">26</subfield>
   <subfield code="o">347.5492 HOQ</subfield>
   <subfield code="p">3010010172</subfield>
   <subfield code="r">2025-12-24</subfield>
   <subfield code="s">2025-10-05</subfield>
   <subfield code="t">2</subfield>
   <subfield code="w">2010-04-06</subfield>
   <subfield code="y">BK</subfield>
  </datafield>
  <datafield tag="952" ind1=" " ind2=" ">
   <subfield code="0">0</subfield>
   <subfield code="1">0</subfield>
   <subfield code="2">ddc</subfield>
   <subfield code="4">0</subfield>
   <subfield code="6">347_549200000000000_HOQ_2003</subfield>
   <subfield code="7">0</subfield>
   <subfield code="9">8996</subfield>
   <subfield code="a">BRACUL</subfield>
   <subfield code="b">BRACUL</subfield>
   <subfield code="c">GEN</subfield>
   <subfield code="d">2010-04-06</subfield>
   <subfield code="l">3</subfield>
   <subfield code="m">3</subfield>
   <subfield code="o">347.5492 HOQ</subfield>
   <subfield code="p">3010010173</subfield>
   <subfield code="r">2016-02-28</subfield>
   <subfield code="s">2016-01-07</subfield>
   <subfield code="t">3</subfield>
   <subfield code="w">2010-04-06</subfield>
   <subfield code="y">BK</subfield>
  </datafield>
  <datafield tag="952" ind1=" " ind2=" ">
   <subfield code="0">0</subfield>
   <subfield code="1">0</subfield>
   <subfield code="2">ddc</subfield>
   <subfield code="4">0</subfield>
   <subfield code="6">347_549200000000000_HOQ</subfield>
   <subfield code="7">1</subfield>
   <subfield code="9">70264</subfield>
   <subfield code="a">BRACUL</subfield>
   <subfield code="b">BRACUL</subfield>
   <subfield code="c">CS1</subfield>
   <subfield code="d">2022-03-24</subfield>
   <subfield code="e">Donated by Akbar Ali Khan</subfield>
   <subfield code="l">0</subfield>
   <subfield code="o">347.5492 HOQ</subfield>
   <subfield code="p">3010038212</subfield>
   <subfield code="r">2022-03-24</subfield>
   <subfield code="t">4</subfield>
   <subfield code="w">2022-03-24</subfield>
   <subfield code="y">BK</subfield>
  </datafield>
 </record>
</collection>
